<?xml version="1.0" encoding="UTF-8"?>
<record
    xmlns:xsi="http://www.w3.org/2001/XMLSchema-instance"
    xsi:schemaLocation="http://www.loc.gov/MARC21/slim http://www.loc.gov/standards/marcxml/schema/MARC21slim.xsd"
    xmlns="http://www.loc.gov/MARC21/slim">

  <leader>01924nam a22001937a 4500</leader>
  <controlfield tag="008">190724b        xxu||||| |||| 00| 0 eng d</controlfield>
  <datafield tag="050" ind1=" " ind2=" ">
    <subfield code="a">QP501.An7</subfield>
  </datafield>
  <datafield tag="245" ind1=" " ind2=" ">
    <subfield code="a">Annual review of biochemistry. /</subfield>
    <subfield code="c">edited by Charles C. Richardson et al</subfield>
  </datafield>
  <datafield tag="250" ind1=" " ind2=" ">
    <subfield code="a">vol 70 2001</subfield>
  </datafield>
  <datafield tag="260" ind1=" " ind2=" ">
    <subfield code="a">California:</subfield>
    <subfield code="b">Annual Reviews,</subfield>
    <subfield code="c">2001.</subfield>
  </datafield>
  <datafield tag="300" ind1=" " ind2=" ">
    <subfield code="a">ix,924p.:</subfield>
    <subfield code="b">ill.:</subfield>
    <subfield code="c">23cm</subfield>
  </datafield>
  <datafield tag="500" ind1=" " ind2=" ">
    <subfield code="a">includes index, subject index</subfield>
  </datafield>
  <datafield tag="505" ind1=" " ind2=" ">
    <subfield code="a">Contents: Advancing our knowledge in biochemistry, genetics, and microbiology through studies on tryptophan metabolism  -- DNA primases -- Histone  acetyltransferases -- Radical mechanisms of enzymatic catalysis  -- Channeling of substrates and intermediates enzyme - catalyzed reactions  -- Divergent evolution of enzymatic function  -- Mechanistically diverse superfamilies  and functionally  -- Pten and myotubularin:novel phosphoinositide phosphatases  -- Regulation of phosphoinositide-specific phospholipase  -- Design and selection of novel  -- Peroxisome proliferator - activated receptor and metabolic disease  -- DNA topoisomerases: structure, function and mechanism  -- DNA topoisomerases: structure, function and mechanism  -- Fidelity of aminoacyl-trna selection on ribosome  -- Kinetic and structural mechanisms -- Analysis of proteins and proteomes by mass spectrometry  -- Transcriptional coactivator complexes  -- Mechanisms underlying ubiquitination  -- Synthesis and function of 3 - phoshorylated inositol lipids  -- Folding of newly translated proteins in vivo: the role of molecular chaperones  -- Regulation of actin filament network formation through  -- Function, structure and mechanism of intracelluler copper trafficking proteins  -- The signal recognition particle  -- Mechanisms of viral membrane fusion and its inhibition.</subfield>
  </datafield>
  <datafield tag="700" ind1=" " ind2=" ">
    <subfield code="a">Richardson, Charles C.</subfield>
  </datafield>
  <datafield tag="700" ind1=" " ind2=" ">
    <subfield code="a">Abelson, John N.</subfield>
  </datafield>
  <datafield tag="700" ind1=" " ind2=" ">
    <subfield code="a">Raetz, Christian R.H.</subfield>
  </datafield>
  <datafield tag="700" ind1=" " ind2=" ">
    <subfield code="a">Thorner, Jeremy W.</subfield>
  </datafield>
  <datafield tag="942" ind1=" " ind2=" ">
    <subfield code="2">lcc</subfield>
    <subfield code="c">BK</subfield>
  </datafield>
  <datafield tag="999" ind1=" " ind2=" ">
    <subfield code="c">6795</subfield>
    <subfield code="d">14295</subfield>
  </datafield>
  <datafield tag="952" ind1=" " ind2=" ">
    <subfield code="0">0</subfield>
    <subfield code="1">0</subfield>
    <subfield code="2">lcc</subfield>
    <subfield code="4">0</subfield>
    <subfield code="7">0</subfield>
    <subfield code="a">WIUC-1</subfield>
    <subfield code="b">WIUC-1</subfield>
    <subfield code="c">NURS L.</subfield>
    <subfield code="d">2019-07-24</subfield>
    <subfield code="l">0</subfield>
    <subfield code="o">QP501.An7</subfield>
    <subfield code="p">NURS/602/264/19</subfield>
    <subfield code="r">2019-07-24 00:00:00</subfield>
    <subfield code="t">1</subfield>
    <subfield code="w">2019-07-24</subfield>
    <subfield code="y">BK</subfield>
  </datafield>
</record>
